Online katalóg knižníc regiónu Turca

Lienka Anulienka (Record no. 21636)

MARC details
000 -LEADER
fixed length control field 02114nam a2200625 a 4500
001 - CONTROL NUMBER
control field 21636
003 - CONTROL NUMBER IDENTIFIER
control field VRT
005 - DATE AND TIME OF LATEST TRANSACTION
control field 20260307100152.0
008 - FIXED-LENGTH DATA ELEMENTS--GENERAL INFORMATION
fixed length control field 240315s2012 xo a b 000 m slo
015 ## - NATIONAL BIBLIOGRAPHY NUMBER
National bibliography number SNBA2013
020 ## - INTERNATIONAL STANDARD BOOK NUMBER
International Standard Book Number 9788010022632
Qualifying information (viaz.)
035 ## - SYSTEM CONTROL NUMBER
System control number B5718705-6E50-4002-9138-EE9B63B1F5E5
035 ## - SYSTEM CONTROL NUMBER
System control number urn:nbn:sk:snk-amkyr4
035 ## - SYSTEM CONTROL NUMBER
System control number urn:nbn:sk:snk-am008ps0
039 #9 - LEVEL OF BIBLIOGRAPHIC CONTROL AND CODING DETAIL [OBSOLETE]
Level of rules in bibliographic description 202403152009
Level of effort used to assign nonsubject heading access points VLOAD
Level of effort used to assign subject headings 202204221552
Level of effort used to assign classification AUTHORITY
Level of effort used to assign subject headings 202204221532
Level of effort used to assign classification AUTHORITY
Level of effort used to assign subject headings 202010151913
Level of effort used to assign classification AUTHORITY
040 ## - CATALOGING SOURCE
Original cataloging agency POKPOH
Language of cataloging slo
Transcribing agency POKPOH
Modifying agency SVKBB
-- SNK
Description conventions AACR2
041 0# - LANGUAGE CODE
Language code of text/sound track or separate title slo
044 ## - COUNTRY OF PUBLISHING/PRODUCING ENTITY CODE
MARC country code xo
ISO country code SK
072 #7 - SUBJECT CATEGORY CODE
Subject category code 821.162.4-3
Subject category code subdivision Slovenská próza
Source konspekt
072 #7 - SUBJECT CATEGORY CODE
Subject category code 821-93
Subject category code subdivision Literatúra pre deti a mládež (beletria)
Source konspekt
080 ## - UNIVERSAL DECIMAL CLASSIFICATION NUMBER
Universal Decimal Classification number 821.162.4-34
Edition identifier 2001
080 ## - UNIVERSAL DECIMAL CLASSIFICATION NUMBER
Universal Decimal Classification number (0:82-93)
Edition identifier 2001
080 ## - UNIVERSAL DECIMAL CLASSIFICATION NUMBER
Universal Decimal Classification number (0:82-34)
Edition identifier 2001
100 1# - MAIN ENTRY--PERSONAL NAME
Personal name Pavlovič, Jozef,
Dates associated with a name 1934-2020
Relationship aut
245 10 - TITLE STATEMENT
Title Lienka Anulienka
Statement of responsibility, etc. Jozef Pavlovič ; ilustrovala Ľuba Končeková-Veselá
250 ## - EDITION STATEMENT
Edition statement 2. vyd.
260 ## - PUBLICATION, DISTRIBUTION, ETC.
Place of publication, distribution, etc. Bratislava
Name of publisher, distributor, etc. Slovenské pedagogické nakladateľstvo - Mladé letá
Date of publication, distribution, etc. 2012
300 ## - PHYSICAL DESCRIPTION
Extent 125 s.
Other physical details ilustr.
Dimensions 24 cm
500 ## - GENERAL NOTE
General note Prvé vyd. v r. 1982
521 1# - TARGET AUDIENCE NOTE
Target audience note Pre čitateľov od 7 rokov
655 #7 - INDEX TERM--GENRE/FORM
Genre/form data or focus term slovenské rozprávky
Source of term SNKPH
655 #7 - INDEX TERM--GENRE/FORM
Genre/form data or focus term publikácie pre deti
Source of term SNKPH
655 #7 - INDEX TERM--GENRE/FORM
Genre/form data or focus term Slovak fairy tales
Source of term SNKPHeng
655 #7 - INDEX TERM--GENRE/FORM
Genre/form data or focus term Children's literature
Source of term SNKPHeng
700 1# - ADDED ENTRY--PERSONAL NAME
Personal name Končeková-Veselá, Ľuba,
Dates associated with a name 1942-
Relationship ill
910 ## - USER-OPTION DATA (OCLC)
User-option data snk
910 ## - USER-OPTION DATA (OCLC)
User-option data sllk
910 ## - USER-OPTION DATA (OCLC)
User-option data bjkdg
910 ## - USER-OPTION DATA (OCLC)
User-option data vthk
910 ## - USER-OPTION DATA (OCLC)
User-option data ttkjf
910 ## - USER-OPTION DATA (OCLC)
User-option data hevk
910 ## - USER-OPTION DATA (OCLC)
User-option data skpk
910 ## - USER-OPTION DATA (OCLC)
User-option data svkbb
910 ## - USER-OPTION DATA (OCLC)
User-option data pokpoh
910 ## - USER-OPTION DATA (OCLC)
User-option data savuk
910 ## - USER-OPTION DATA (OCLC)
User-option data bin
942 ## - ADDED ENTRY ELEMENTS (KOHA)
Source of classification or shelving scheme Dewey Decimal Classification
Koha item type Krásna literatúra pre deti
Suppress in OPAC No
949 ## - LOCAL PROCESSING INFORMATION (OCLC)
6 3870A22604
a binIL 1076
b bin22604
949 ## - LOCAL PROCESSING INFORMATION (OCLC)
6 2889192430
a savukPV 17093
b savuk2012/4960
949 ## - LOCAL PROCESSING INFORMATION (OCLC)
6 270001000404616
a svkbbB 48877
b svkbbm 732197
949 ## - LOCAL PROCESSING INFORMATION (OCLC)
6 273K0560228
a svkpoB 89839
b svkpo562116
949 ## - LOCAL PROCESSING INFORMATION (OCLC)
6 17A1060604
a snkSC 152697
b snk2013/1149
o 2660/12
s 6100:20160112
949 ## - LOCAL PROCESSING INFORMATION (OCLC)
6 17A1060603
a snkSC 152697 D1
b snk2013/1150
o 2660/12
Holdings
Stav vyradenia Strata Poškodenie Spôsob nadobudnutia Domovská knižnica Aktuálna knižnica Dátum nadobudnutia Total checkouts Čiarový kód exemplára Date last seen Typ exemplára
      Dar Obecná knižnica Horná Štubňa Obecná knižnica Horná Štubňa 07.03.2026   9788010022632 07.03.2026 Krásna literatúra pre deti
Projekt je podporený Slovenskou asociáciou knižníc
Prevádzkuje Turčianska knižnica Martin 2026